| Поле | Инд. | ПП | Название | Значение |
|---|---|---|---|---|
| Тип записи | a | |||
| Библиографический уровень | b | |||
| 001 | Контрольный номер | UNIDUBNA2c60940495004fcd86259e14a7dffe4c | ||
| 005 | Дата корректировки | 20250211171528.4 | ||
| 008 | Кодируемые данные | 20170331 | ||
| 040 | b | Код языка каталог. | rus | |
| e | Правила каталог. | PSBO | ||
| 041 | 0_ | a | Код языка текста | rus |
| 084 | a | Индекс другой классификации/Индекс ББК | 60.542.4 | |
| 100 | 1_ | a | Автор | Глухих И. А. |
| q | Полное имя | Глухих Иван Андреевич | ||
| 245 | 10 | a | Заглавие | Замещающая семья как социологическая категория |
| 504 | a | Библиография | Лит. в конце статьи. | |
| 520 | 0_ | a | Аннотация | Рассматриваются понятия "семья" и "замещающая семья". Дается определение понятию "замещающая семья". Проанализированы представления о замещающей семье отечественных авторов. Доказывается, что замещающая семья - самостоятельная социологическая категория. Однако ее ключевые аспекты встроены в сущностную основу понятия семья. |
| 650 | 14 | a | Основная рубрика | социология |
| a | Основная рубрика | социология групп | ||
| a | Основная рубрика | социология семьи | ||
| 653 | 0_ | a | Ключевые слова | дети, оставшиеся без попечения родителей |
| a | Ключевые слова | дети-сироты | ||
| a | Ключевые слова | институт семьи | ||
| a | Ключевые слова | качество жизни | ||
| a | Ключевые слова | приемная семья | ||
| a | Ключевые слова | приемные дети | ||
| a | Ключевые слова | профессионально-замещающая семья | ||
| a | Ключевые слова | семья | ||
| a | Ключевые слова | терминология | ||
| 773 | 08 | t | Заглавие источника | Отечественный журнал социальной работы |
| d | Дата издания источника | 2023 | ||
| g | Прочая информация | № 2. - С. 93 - 96 | ||
| w | Контрольный № источника | UNIDUBNAf3b735b0c95c4e71adfb60afc49411e3 | ||
| 901 | t | Тип документа | b |